| 000 | 00778nam a2200217 a 4500 | ||
|---|---|---|---|
| 001 | 000010487 | ||
| 005 | 20240412074219.0 | ||
| 008 | 091007s1976 dr a 000 p spa d | ||
| 040 |
_aDO-SdBNP _bspa _cBNPHU |
||
| 082 |
_aRD861.44 _bJ58a |
||
| 100 | 1 |
_aJesús López G., Manuel de _c(Rubí) _d1942- _925488 |
|
| 245 | 1 | 0 |
_aAmor madre y patria / _cManuel De Jesús López G. ; prólogo Ursus Ponciano Calvo. |
| 260 |
_aSanto Domingo : _bÁngel, _c1976. |
||
| 300 |
_a92 p. : _bil. ; _c22 cm. |
||
| 500 | _aIncluye datos biográficos del autor en la contracubierta. | ||
| 590 | _aInventariado, 2018/LP | ||
| 650 | 0 |
_aPoesía dominicana _966 |
|
| 650 | 0 |
_aLiteratura dominicana. _967 |
|
| 700 | 1 | 2 |
_aPonciano Calvo, Ursus, _epról. _925489 |
| 910 | _aValidado. Control de calidad MFF | ||
| 999 |
_c10246 _d10246 |
||